书目信息 |
| 题名: |
唐山皮影
|
|
| 作者: | 鲁杰 编著 | |
| 分册: | ||
| 出版信息: | 北京 科学出版社 2009 |
|
| 页数: | 138页 | |
| 开本: | 20cm | |
| 丛书名: | ||
| 单 册: | ||
| 中图分类: | J528.3 | |
| 科图分类: | ||
| 主题词: | 工艺美术--中国 | |
| 电子资源: | ||
| ISBN: | 7-03-023803-6 | |
| 000 | 00544nam0 2200193 450 | |
| 001 | 2258509608 | |
| 005 | 20221011161615.13 | |
| 010 | @a7-03-023803-6@dCNY80.00 | |
| 100 | @a20221011d2009 km y0chiy0120 ea | |
| 101 | 0 | @achi |
| 102 | @aCN@b110000 | |
| 200 | 1 | @a唐山皮影@ATang Shan Pi Ying@f鲁杰编著@FLu Jie Bian Zhu |
| 210 | @a北京@c科学出版社@d2009 | |
| 215 | @a138页@d20cm | |
| 606 | 0 | @a工艺美术@x中国 |
| 690 | @aJ528.3@v4 | |
| 701 | 0 | @a鲁杰@ALu Jie@4编著 |
| 801 | 0 | @aCN@b大连网信软件有限公司图书馆·11@c20221011 |
| 905 | @aZUCC@dJ528.3@eZY2 | |
| 唐山皮影/鲁杰编著.-北京:科学出版社,2009 |
| 138页;20cm |
| ISBN 7-03-023803-6:CNY80.00 |
| ● |
| 相关链接 |
|
|
|
|
正题名:唐山皮影
索取号:J528.3/ZY2
 
预约/预借
| 序号 | 登录号 | 条形码 | 馆藏地/架位号 | 状态 | 备注 |
| 1 | 7905215 | 279052150 | 密集书库-资源管理系/ [索取号:J528.3/ZY2] | 在馆 |